书目信息 |
| 题名: |
世界级管理28堂课
|
|
| 作者: | 柳中冈 著 | |
| 分册: | ||
| 出版信息: | 北京 清华大学出版社 2006.07 |
|
| 页数: | 15, 225页 | |
| 开本: | 24cm | |
| 丛书名: | ||
| 单 册: | ||
| 中图分类: | F270 | |
| 科图分类: | ||
| 主题词: | 企业管理--qi ye guan li | |
| 电子资源: | ||
| ISBN: | 7-302-13137-6 | |
| 000 | 00849nam0 2200229 450 | |
| 001 | 012006320234 | |
| 005 | 20061129150245.15 | |
| 010 | @a7-302-13137-6@dCNY36.00 | |
| 100 | @a20061109d2006 km y0chiy0120 ea | |
| 101 | 0 | @achi |
| 102 | @aCN@b110000 | |
| 105 | @aa z 000yy | |
| 200 | 1 | @a世界级管理28堂课@Ashi jie ji guan li 28 tang ke@e管理优化技术最佳实务@f柳中冈著@Fliu zhong gang zhu |
| 210 | @a北京@c清华大学出版社@d2006.07 | |
| 215 | @a15, 225页@c图@d24cm | |
| 330 | @a本书阐述了应用新知识必须讲求方法,本书说明了EMO技术的内涵,综合了人员培训、管理模式更新、工作系统e化等三大优化技术,提供了5阶配套的蓝图。 | |
| 517 | 1 | @a管理优化技术最佳实务@Aguan li you hua ji shu zui jia shi wu |
| 606 | 0 | @a企业管理@Aqi ye guan li |
| 690 | @aF270@v4 | |
| 701 | 0 | @a柳中冈@Aliu zhong gang@4著 |
| 801 | 0 | @aCN@c20061129 |
| 905 | @a10447@dF270@eL757 | |
| 世界级管理28堂课:管理优化技术最佳实务/柳中冈著.-北京:清华大学出版社,2006.07 |
| 15, 225页:图;24cm |
| ISBN 7-302-13137-6:CNY36.00 |
| 本书阐述了应用新知识必须讲求方法,本书说明了EMO技术的内涵,综合了人员培训、管理模式更新、工作系统e化等三大优化技术,提供了5阶配套的蓝图。 |
| ● |
| 相关链接 |
|
|
|
正题名:世界级管理28堂课
索取号:F270/L757
 
预约/预借
| 序号 | 登录号 | 条形码 | 馆藏地/架位号 | 状态 | 备注 |
| 1 | 227148 | 202271488 | 社科二线422/422社科库 12排1列5层/ [索取号:F270/L757] | 在馆 | |
| 2 | 227149 | 202271497 | 社科库409/409社科库 84排1列3层/ [索取号:F270/L757] | 在馆 | |
| 3 | 227150 | 202271503 | 社科二线422/422社科库 12排1列5层/ [索取号:F270/L757] | 在馆 |